| 000 | 00416nam a2200133Ia 4500 | ||
|---|---|---|---|
| 008 | 220217s9999||||xx |||||||||||||| ||und|| | ||
| 020 | _a978-81-265-2143-2 | ||
| 082 | _a620.11 CAL | ||
| 100 | _aCallister, William, D. and balasubramaniam, R | ||
| 245 | 0 | _aCallister`s material scinece and engineering | |
| 260 |
_aWiley india Pvt.Ltd. _bNew Delhi _c2010 |
||
| 300 |
_aXXV, 780p. _b499 |
||
| 650 | _aMECHANICHAL | ||
| 999 |
_c179198 _d179198 |
||